Stern's introductory plant biology (Record no. 395009)

MARC details
000 -LEADER
fixed length control field 00532 a2200217 4500
005 - DATE & TIME
control field 20260210111407.0
008 - FIXED-LENGTH DATA ELEMENTS--GENERAL INFORMATION
fixed length control field 260206b |||||||| |||| 00| 0 eng d
020 ## - ISBN
International Standard Book Number 9781260511042
Price £ 58.99
040 ## - CATALOGING SOURCE
Original cataloging agency VIVEKANANDA LIBRARY
082 ## - DDC NUMBER
Classification number 581
Book Number B474S
100 ## - MAIN ENTRY--PERSONAL NAME
Personal name Bidlack, James E
245 ## - TITLE STATEMENT
Title Stern's introductory plant biology
250 ## - EDITION STATEMENT
Edition statement 5th
260 ## - PUBLICATION, DISTRIBUTION, ETC. (IMPRINT)
Name of publisher, distributor, etc McGraw-Hill
Date of publication, distribution, etc 2021
Place of publication, distribution, etc New York
300 ## - PHYSICAL DESCRIPTION
Pages v.
650 ## - Subject
Subject Botany
650 ## - Subject
Subject Plant Breeding
650 ## - Subject
Subject Plant Biology
700 ## - Added Entry Personal Name
Added Entry Personal Name Jansky, Shelley H
942 ## - ADDED ENTRY ELEMENTS (KOHA)
Koha item type Books
Holdings
Withdrawn status Lost status Source of classification or shelving scheme Damaged status Not for loan Location (home branch) Sublocation or collection (holding branch) Shelving location Date acquired Koha issues (times borrowed) Koha full call number Accession No. Koha date last seen Koha item type
    Dewey Decimal Classification     VIVEKANANDA LIBRARY VIVEKANANDA LIBRARY Vivekananda Library 27/01/2026   581 B474S 444352 27/01/2026 Books
© Designed and Maintained by Vivekananda Library, MDU Rohtak